Guia jurídico sobre a agricultura contratual
Gespeichert in:
| Körperschaften: | , , |
|---|---|
| Format: | Buch |
| Sprache: | Portugiesisch |
| Veröffentlicht: |
s.l
Universidade Federal de Vicosa
2018
|
| Ausgabe: | 1a. ed |
| Schlagworte: | |
| Tags: |
Tag hinzufügen
Keine Tags, Fügen Sie den ersten Tag hinzu!
|
MARC
| LEADER | 00000cam a2200000 a 4500 | ||
|---|---|---|---|
| 001 | UCC7460 | ||
| 003 | CL-VaPUC | ||
| 008 | 190329e20180000bl |||||||||||||||||por|d | ||
| 020 | |a 9788572696043 | ||
| 082 | 0 | 4 | |a 343.07 |b UNI |2 21 |
| 110 | 2 | |a UNIDROIT |e author |9 602090 | |
| 710 | 2 | |a FAO |e author |9 602091 | |
| 710 | 2 | |a FIDA |e author |9 602092 | |
| 245 | 1 | 0 | |a Guia jurídico sobre a agricultura contratual |
| 250 | |a 1a. ed | ||
| 300 | |a 299 p | ||
| 942 | |c BK | ||
| 945 | |d 20190329 16:06:00 |a dcastane | ||
| 260 | |a s.l |b Universidade Federal de Vicosa |c 2018 | ||
| 650 | 7 | |a POLITICA AGRARIA |2 CL-VaPUC |9 264314 | |
| 650 | 7 | |a DERECHO AGRARIO |2 CL-VaPUC |9 321361 | |
| 650 | 0 | |a Contratos |9 255153 | |
| 651 | 0 | |a Brasil |9 267393 | |
| 583 | |a last modification |c 20190329 16:06:00 |k Rodrigo Vera | ||
| 999 | |c 374096 |d 374094 | ||
| 952 | |0 0 |1 0 |3 erb |4 0 |6 343_070000000000000_UNI_2018 |7 0 |8 A |9 492463 |a BIBDER |b BIBDER |i 5539838 |o 343.07 UNI 2018 |p 5539838 |r 2023-01-25 |w 2019-11-24 |y BK |z Catalogado en:20190329 |k DER | ||